El desarrollo y expansion de la lengua espa¥ola [documento web] /
Guardado en:
| Autor Principal: | |
|---|---|
| Formato: | Libro |
| Publicado: |
Guadalajara :
Url:www.geocities.com/siliconvalley/horizont/428/desarrol.htm,
1999
|
| Materias: | |
| Etiquetas: |
Agregar Etiqueta
Sin Etiquetas, Sea el primero en etiquetar este registro!
|
| LEADER | 01037nam a22001815a 4500 | ||
|---|---|---|---|
| 001 | CEM.cems010811 | ||
| 005 | 20060214000000.0 | ||
| 008 | 130507s1999##################000#0#####d | ||
| 003 | CEMS | ||
| 082 | 0 | 4 | |a F468 |
| 100 | 1 | |a Zamora Sergio | |
| 245 | 1 | 0 | |a El desarrollo y expansion de la lengua espa¥ola [documento web] / |
| 260 | |a Guadalajara : |b Url:www.geocities.com/siliconvalley/horizont/428/desarrol.htm, |c 1999 | ||
| 300 | |a 3 p. | ||
| 505 | 0 | |a Or¡genes de la lengua espa¤ola. El castellano medieval. El castellano moderno.-Or¡genes de la lengua espa¤ola. El castellano medieval. El castellano moderno.-Or¡genes de la lengua espa¤ola. El castellano medieval. El castellano moderno.-Or¡genes de la lengua espa¤ola. El castellano medieval. El castellano moderno.-Or¡genes de la lengua espa¤ola. El castellano medieval. El castellano moderno.-Or¡genes de la lengua espa¤ola. El castellano medieval. El castellano moderno.- | |
| 653 | |a Espa¥ol-historia | ||
| 653 | |a Lengua | ||
| 859 | |a CEMS |b BIB. CEMS - 11 de abril |h F468 |i 3 |p 1833.44 |t Ej.1 | ||
